00989nam a22002417a 4500003000500000005001700005008004100022010001000063011001000073035001100083040000900094100003400103245022100137260004000358300003400398502010200432530003600534650003500570650002500605650002400630650002900654856006400683CHAP20220329143540.0100514s2009 mx r 00010 spa d a98401 a99373 a110059 cCHAP1 aParada Santana, Victor Manuel10aProducción, productividad, rentabilidad y empleo en el cultivo del nogal (Carya illinoensis) irrigado por bombeo en el sector de la pequeña propiedad de la laguna de 1990 a 2006c/por Victor Manuel Parada Santana aBermejillo, Dgo. :bEl autor,c2009 ax, 56 h. :bcuadros, gráfs. aTesis (Ing. Agr. Esp. en Zonas Áridas) -- UACH. Unidad Regional Universitaria de Zonas Áridas aTambién disponible en línea14aNogalxCostos de producción.14aNogalxIrrigación.14aNogalxRendimiento.14aNogalzComarca Lagunera. 3Finding aiduhttp://10.13.5.2/tesis/110059.pdfzTeclea aqui